00630nam a22002417a 45000050016000000080041000160100015000570200025000720350013000970370013001100400013001230820006001361000019001422450077001612600041002382700072002793000022003516000003003736500003003766510003003797000003003827100003003852011092601071.0110926t xxu||||| |||| 00| 0 eng d aENG-103826 a9789380834436c95.00 aEN-87359 bDBAD/PUB aDPLbEng aS aAgarwal, Seema aParables :cby Seema Agarwalba collection of inspiring short stories / aBhopalbIndra Publishing Housec2011 aE-5/21 Arera Colony, Habibganj Police station Road,bBhopale462016 a96p. c22cm (pbk)